| 000 | 00650nam a2200217Ia 4500 | ||
|---|---|---|---|
| 999 |
_c5297 _d5297 |
||
| 003 | OSt | ||
| 005 | 20200519201707.0 | ||
| 008 | 191128s1979 ck fr 000 0 spa d | ||
| 040 |
_aCO-JMCR _cCO-JMCR |
||
| 041 | 1 |
_aspa _hru |
|
| 082 | 0 | 4 |
_a330 / _bL586c _223 |
| 100 | 1 |
_aLeóntiev, L., _eautor _94560 |
|
| 245 | 1 | 0 |
_aCompendio de economía política / _cL. Leóntiev ; traducido del ruso L. Vladov |
| 260 |
_aBogotá : _bAlcaraván, _c1979 |
||
| 300 |
_a170 páginas ; _c17 cm. |
||
| 546 | _aTraducido del ruso | ||
| 650 | 1 | 4 |
_aEconomía _94561 |
| 650 | 1 | 4 |
_aEconomía política _91838 |
| 700 | 1 |
_aVladov, L., _etraductor _94562 |
|
| 942 |
_2ddc _cBK |
||